Statystyki dla Top20 najbardziej zaludnionych krajów lipiec 2020

Kliknij tutaj aby rozwiązać quiz!

Ogólne statystyki

  • Ten quiz został rozwiązany 123 razy
  • Średni wynik to 15 z 20

Statystyki odpowiedzi

LudnośćKraj% Poprawnych
1,43 mldChiny
96%
331 mlnStany Zjednoczone
96%
1,38 mldIndie
92%
145 mlnRosja
92%
212 mlnBrazylia
91%
126 mlnJaponia
84%
273 mlnIndonezja
80%
83,8 mlnNiemcy
80%
129 mlnMeksyk
77%
206 mlnNigeria
77%
221 mlnPakistan
74%
102 mlnEgipt
73%
164 mlnBangladesz
70%
89,8 mlnDemokratyczna Republika Konga
68%
84,4 mlnTurcja
68%
84,0 mlnIran
67%
97,4 mlnWietnam
63%
69,8 mlnTajlandia
57%
115 mlnEtiopia
56%
109 mlnFilipiny
54%

Rozkład punktacji

Percentyl według liczby udzielonych odpowiedzi

Procent ludzi z każdym wynikiem

Twoja historia wyników

Nie rozwiązałeś tego quizu